Handbook Of Business Studies And Research Vol - 1 (Record no. 95295)

MARC details
000 -LEADER
fixed length control field 00556nam a2200205Ia 4500
008 - FIXED-LENGTH DATA ELEMENTS--GENERAL INFORMATION
fixed length control field 230125s9999 xx 000 0 und d
020 ## - INTERNATIONAL STANDARD BOOK NUMBER
International Standard Book Number 978-93-5032-144-7
041 ## - LANGUAGE CODE
Language code of text/sound track or separate title eng
082 ## - DEWEY DECIMAL CLASSIFICATION NUMBER
Classification number 658.018
Item number KHA
100 ## - MAIN ENTRY--PERSONAL NAME
Personal name Khandelwal R M
9 (RLIN) 117477
245 ## - TITLE STATEMENT
Title Handbook Of Business Studies And Research Vol - 1
260 ## - PUBLICATION, DISTRIBUTION, ETC. (IMPRINT)
Date of publication, distribution, etc. 2017
Name of publisher, distributor, etc. Shree Niwas Publication
Place of publication, distribution, etc. Jaipur
300 ## - PHYSICAL DESCRIPTION
Extent 338p
440 ## - SERIES STATEMENT/ADDED ENTRY--TITLE
Volume/sequential designation 3
500 ## - GENERAL NOTE
Keywords Research methodology;
650 ## - SUBJECT ADDED ENTRY--TOPICAL TERM
Topical term or geographic name as entry element Research Methodology
700 ## - ADDED ENTRY--PERSONAL NAME
Personal name Khandelwal R M
9 (RLIN) 117477
906 ## - LOCAL DATA ELEMENT F, LDF (RLIN)
b 27
Holdings
Withdrawn status Lost status Source of classification or shelving scheme Damaged status Not for loan Home library Current library Date acquired Vendor Cost, normal purchase price Bill number Full call number Barcode Date last seen Cost, replacement price Bill Date Koha item type Original Barcode
    Dewey Decimal Classification   Reference Smt. Hiraben Nanavati Institute of Management & Research for Women Smt. Hiraben Nanavati Institute of Management & Research for Women 06/12/2018 Pritam Book Centre 1650.00 10714 658.018 KHA B17415 HIMR-BK-17415 25/01/2023 1623.00 05/12/2018 Books B17415